Sergio Conceicao's Porto - Statistics

General Stats
  • This quiz has been taken 14 times
  • The average score is 61 of 97
Answer Stats
Rank Player Position Nationality Matches Goals Assists % Correct
41 Bruno Costa Central Midfield 45 1 3
100%
10 Diogo Costa Goalkeeper 146 0 1
100%
3 Pepe Centre-Back 196 9 6
100%
11 Pepê Right Winger 139 18 26
100%
7 Alex Telles Left-Back 150 25 47
92%
12 Iván Marcano Centre-Back 136 19 2
92%
62 José Sá Goalkeeper 21 0 0
92%
6 Matheus Uribe Defensive Midfield 170 15 8
92%
5 Mehdi Taremi Centre-Forward 171 88 56
92%
1 Otávio Attacking Midfield 243 28 61
92%
67 Otávio Centre-Back 17 0 2
92%
43 Alan Varela Defensive Midfield 43 2 3
83%
20 Danilo Pereira Centre-Back 116 9 5
83%
22 Galeno Left Winger 114 30 21
83%
26 Héctor Herrera Central Midfield 95 14 10
83%
31 Iker Casillas Goalkeeper 73 0 0
83%
2 Jesús Corona Right Winger 208 17 53
83%
19 Luis Díaz Left Winger 122 41 19
83%
37 Maxi Pereira Right-Back 53 2 6
83%
4 Moussa Marega Centre-Forward 174 71 32
83%
44 Ricardo Pereira Right-Back 43 2 7
83%
29 Stephen Eustaquio Central Midfield 88 9 9
83%
34 Vincent Aboubakar Centre-Forward 63 32 11
83%
28 Agustín Marchesín Goalkeeper 90 0 1
75%
56 André Pereira Centre-Forward 24 3 3
75%
13 Chancel Mbemba Centre-Back 136 8 1
75%
9 Evanilson Centre-Forward 147 59 21
75%
63 Fábio Silva Centre-Forward 21 3 2
75%
30 Fábio Vieira Attacking Midfield 74 10 18
75%
14 João Mário Right-Back 133 5 18
75%
16 Marko Grujić Defensive Midfield 128 3 4
75%
8 Sérgio Oliveira Central Midfield 147 34 18
75%
15 Toni Martínez Centre-Forward 129 28 7
75%
89 Wendel Centre-Forward 2 0 0
75%
24 Yacine Brahimi Left Winger 98 25 18
75%
21 Zaidu Left-Back 116 7 1
75%
35 Danny Namaso Centre-Forward 60 10 9
67%
51 David Carmo Centre-Back 26 0 0
67%
38 Diogo Leite Centre-Back 49 3 1
67%
40 Éder Militão Centre-Back 47 5 4
67%
59 Jorge Sánchez Right-Back 23 0 2
67%
58 Mamadou Loum Defensive Midfield 23 1 0
67%
79 Martim Fernandes Right-Back 6 0 1
67%
68 Miguel Layún Right-Back 14 2 0
67%
64 Nanu Right-Back 20 0 3
67%
78 Renzo Saravia Right-Back 6 1 0
67%
18 Tiquinho Soares Centre-Forward 123 53 16
67%
36 Vitinha Central Midfield 59 4 6
67%
23 Wendell Left-Back 101 6 9
67%
49 Zé Luís Centre-Forward 32 10 2
67%
52 Adrián López Centre-Forward 25 6 4
58%
25 Felipe Centre-Back 97 8 5
58%
27 Francisco Conceição Right Winger 91 11 13
58%
53 Gabriel Veron Right Winger 25 1 5
58%
50 Iván Jaime Attacking Midfield 28 1 0
58%
66 Malang Sarr Centre-Back 18 1 0
58%
48 Nico González Central Midfield 35 2 3
58%
33 Óliver Torres Central Midfield 67 2 12
58%
60 Rodrigo Conceição Right-Back 23 0 0
58%
47 Shoya Nakajima Attacking Midfield 36 1 4
58%
72 Vaná Alves Goalkeeper 10 0 0
58%
17 Wilson Manafá Right-Back 127 2 6
58%
65 Zé Pedro Centre-Back 18 2 0
58%
96 Abraham Marcus Right Winger 1 0 0
50%
57 André André Central Midfield 24 2 2
50%
69 Bernardo Folha Central Midfield 13 1 1
50%
86 Chidozie Awaziem Centre-Back 2 0 0
50%
54 Cláudio Ramos Goalkeeper 24 0 0
50%
55 Diego Reyes Centre-Back 24 3 1
50%
74 Diogo Dalot Right-Back 8 0 3
50%
32 Fábio Cardoso Centre-Back 73 3 1
50%
61 Fernando Andrade Left Winger 23 3 3
50%
80 João Pedro Right-Back 3 0 1
50%
92 Jorge Fernandes Centre-Back 1 0 1
50%
75 Majeed Waris Second Striker 8 0 0
50%
90 Marius Mouandilmadji Centre-Forward 2 1 0
50%
91 Yordan Osorio Centre-Back 1 0 0
50%
45 André Franco Attacking Midfield 43 4 5
42%
85 Carraça Right-Back 3 0 0
42%
76 Fabiano Goalkeeper 7 0 0
42%
95 Francisco Meixedo Goalkeeper 1 0 0
42%
42 Gonçalo Borges Right Winger 45 0 0
42%
81 Riechedly Bazoer Centre-Back 3 1 0
42%
39 Romário Baró Central Midfield 49 0 2
42%
73 Felipe Anderson Right Winger 10 0 1
33%
77 Fran Navarro Centre-Forward 7 1 0
33%
70 Gonçalo Paciência Centre-Forward 12 0 1
33%
97 Gonçalo Sousa Right Winger 1 0 0
33%
46 Hernâni Left Winger 42 5 4
33%
93 Momo Mbaye Goalkeeper 1 0 0
33%
84 Paulinho Attacking Midfield 3 0 0
33%
83 Tomás Esteves Right-Back 3 0 0
33%
87 João Marcelo Centre-Back 2 0 0
25%
88 Rúben Semedo Centre-Back 2 0 0
25%
71 João Mendes Left-Back 11 0 1
17%
82 Jorge Left-Back 3 0 0
17%
94 Luizão Defensive Midfield 1 0 0
8%
No matching quizzes found
Score Distribution
Percent of People with Each Score
Percentile by Number Answered
Your Score History
You have not taken this quiz